00871cam a22002657a 4500003000500000005001700005008004100022010001000063011001000073035001000083040000900093082002500102110006000127245014200187250001000329260007600339300002000415410000800435490002600443650003500469650002200504650004500526810000800571830002600579CHAP20220817043705.0000725d1993 it a rn 00110 spa d a81836 a82808 a93312 cCHAP04a301.35bF3Y V.9 1993 aFAO. Oficina Regional para América Latina y el Caribe10aDesarrollo agropecuario :bde la dependencia al protagonismo del agricultorc/por FAO. Oficina Regional para América Latina y El Caribe a3 ed. aRoma :bFAO. Oficina Regional para América Latina y El Caribe,c1993. a140 p. :bilus. aFAO 0aDesarrollo ruralv; 914aAgriculturazAmérica Latina.14aDesarrollo rural.14aPolítica agrícolazAmérica Latina.0 aFAO 0aDesarrollo ruralv; 9